| Поле | Инд. | ПП | Название | Значение |
|---|---|---|---|---|
| Тип записи | a | |||
| Библиографический уровень | s | |||
| 001 | Контрольный номер | RU/IS/BASE/409852959 | ||
| 005 | Дата корректировки | 20251024110009.1 | ||
| 008 | Кодируемые данные | 20121226 | ||
| 022 | 0_ | a | ISSN | 0042-8795 |
| 084 | a | Индекс другой классификации/Индекс ББК | 83 | |
| 090 | a | Полочн. индекс | Сводное описание журнала | |
| 245 | 10 | a | Заглавие | Вопросы литературы |
| b | Продолж. заглавия | журнал критики и литературоведения | ||
| c | Ответственность | учредители: Фонд содействия развитию литературы "Литературная критика", АНО Редакция журнала критики и литературоведения "Вопросы литературы"; гл. ред. И. О. Шайтанов | ||
| 260 | b | Издательство | Вопросы литературы | |
| a | Место издания | Москва | ||
| 300 | a | Объем | 208 с. | |
| 310 | a | Периодичность в н.в. | 6 раз в год | |
| 362 | 1_ | a | Даты публикации или номер тома | 1957 - |
| 500 | a | Примечание | Журнал, основан в 1957 году | |
| 520 | 0_ | a | Аннотация | Издание является самым авторитетным журналом критики и литературоведения, выходящим в России. Статьи, "круглые столы" и дискуссии, посвященные самым актуальным проблемам современной отечественной и мировой литературы, истории и теории литературы, публикации документов, в том числе и тех, что хранятся в закрытых ранее архивах, неизменно привлекают внимание ученых, студентов, учителей, самых широких слоев интеллигенции |
| 540 | b | Поставщик/Провайдер | Библиотека | |
| c | Источник права | печатная подписка | ||
| 540 | b | Поставщик/Провайдер | Библиотека | |
| c | Источник права | электронная подписка | ||
| 650 | 14 | a | Основная рубрика | литературоведение; филологические науки |
| 653 | 0_ | a | Ключевые слова | литературная критика |
| 856 | 40 | a | Имя сервера/домена | ИВИС |
| d | Путь | https://eivis.ru/ | ||
| i | Указания/сценарий входа | Доступ открыт с компьютеров университета без авторизации, а извне по логину и паролю | ||
| z | Примечание для пользователя | Архив с 1957 г. по настоящее время | ||
| u | URL | https://eivis.ru/browse/publication/686/udb/12/вопросы-литературы | ||
| y | Справочный текст | Электронная версия | ||
| 901 | t | Тип документа | u | |
| 952 | a | Тип литературы для КСУ ВШ | НЖ |